| 000 | 01847nam a22002777a 4500 | ||
|---|---|---|---|
| 999 |
_c63654 _d63654 |
||
| 003 | Ge_BSU | ||
| 005 | 20251125184501.0 | ||
| 008 | 251125s2025 ge ||||| |||| 00| 0 geo d | ||
| 020 | _a9789941519086 | ||
| 041 | _ageo | ||
| 080 | _a81'374(038=353.1'282) ა-97 | ||
| 245 |
_aაჭარული დიალექტის ლექსიკონი / _cშემდგენლები : ელზა ფუტკარაძე, შუშანა ფუტკარაძე, ნანული ნოღაიდელი, ციალა ნარაკიძე, ნარგიზ ახვლედიანი, ნაილე მიქელაძე; რედ. ნ. კახიძე, რ. მალაყმაძე, თ. ლომთათიძე, ნ. ჩელებაძე და სხვ. |
||
| 264 |
_aბათუმი : _bბსუ, _c2025. |
||
| 504 | _aბიბლიოგრ. გვ. 959-970 | ||
| 700 |
_aფუტკარაძე, ელზა _eავტორი _96825 |
||
| 700 |
_a ფუტკარაძე, შუშანა _eავტორი _926310 |
||
| 700 |
_a ნოღაიდელი, ნანული _eავტორი _926311 |
||
| 700 |
_aნარაკიძე, ციალა _eავტორი _926312 |
||
| 700 |
_aახვლედიანი, ნარგიზ _eავტორი _94833 |
||
| 700 |
_aმიქელაძე, ნაილე _eავტორი _911575 |
||
| 700 |
_aკახიძე, ნ. _eრედაქტორი _926313 |
||
| 700 |
_aმალაყმაძე, რ. _eრედაქტორი _926314 |
||
| 700 |
_aთ. ლომთათიძე, _eრედაქტორი _926315 |
||
| 700 |
_aჩელებაძე, ნ. და სხვ. _eრედაქტორი _926316 |
||
| 942 |
_2udc _cᲬᲘᲒᲜᲘ |
||